000 00413nam a2200157Ia 4500
008 221030s9999 xx 000 0 und d
020 _a00852260850
041 _aEnglish
082 _a105.23
_bBan
100 _aV. K. Bansal
245 0 _aDesign of Microprocessor Based Systems
_cby V. K. Bansal
260 _bNew Age Internationl Pub.
_aNew Delhi
_c1996
300 _a154
650 _aBE Computer
942 _cBK
999 _c6623
_d6623